000 00777nam1a22002291i 4500
001 rc\101049
005 20260407004326.0
035 _a(NLR Aleph) 005393141
090 _a7204381
_c7204381
100 _a20021216d1991 u |0rusy50 ca
101 0 _arus
102 _aRU
105 _ay |||||||||
200 1 _aКурс английского языка для начинающих
_dEnglish for beginners
_e[В 2 ч.]
_fКооператив "Моск. лицей". Заоч. отд-ние
210 _aМ.
_cБ. и.
_d1991
215 _d20
510 0 _aEnglish for beginners
712 0 2 _a"Московский лицей", кооператив
_9487309
_3RU\NLR\AUTH\889995186
801 0 _aRU
_bNLR
_gpsbo
801 1 _aRU
_bELAR
_2rusmarc
852 _aNLR
_j91-3/13161
942 _cBOOK